| 000 | 00599cab a2200241 4500 | ||
|---|---|---|---|
| 001 | ABS50219 | ||
| 008 | 090401t1994 xxu||||| |||| 00| 0 eng d | ||
| 035 | _a(Sirsi) u74663 | ||
| 041 | _aeng | ||
| 100 | _aPearman, S. | ||
| 245 | _aBudget changes | ||
| 260 | _c1994 | ||
| 350 | _a0 | ||
| 490 |
_aEstates Gazette _v(9407) 19 February 1994, 183-184(2) |
||
| 520 | _aSummarises changes to stamp duty in the Finance Bill. | ||
| 650 | _aOVERAGE CLAUSES | ||
| 650 | _aSTAMP DUTY | ||
| 650 | _aSURRENDER | ||
| 650 | _aTHRESHOLDS | ||
| 690 | _aTAXATION | ||
| 942 | _n0 | ||
| 948 | _c04/03/1997 | ||
| 999 |
_c47051 _d47051 |
||